Helldivers 2 - Super Earth Anthem - Statistics

General Stats
  • This quiz has been taken 85 times
  • The average score is 52 of 123
Answer Stats
Answer % Correct
A
84%
the
84%
Earth
82%
Free!
79%
Super
77%
Freedom
68%
our
67%
Our
67%
of
65%
who
65%
democracy
61%
do
60%
is
56%
for
54%
Liberty
54%
life,
54%
over
54%
must
53%
all
51%
All
51%
last
51%
way
51%
every
49%
star.
49%
to
49%
reign
47%
We
47%
be
46%
citizens'
46%
Citizens
46%
skulls
46%
died.
44%
galaxy
44%
those
44%
No
42%
rise!
42%
rise
42%
wide
42%
will
42%
Managed
40%
on
40%
paved
40%
shall
40%
with
40%
Through
39%
are
37%
in
37%
Stay
37%
true
37%
part
35%
path.
35%
White,
35%
wrath.
35%
blue
33%
cause.
33%
their
33%
your
33%
and
32%
righteous
32%
skies!
32%
suffer
32%
up
32%
wars.
32%
yellow,
32%
flying
30%
Honor
30%
Justice
30%
sacrifice,
30%
supreme.
30%
worlds.
30%
pride,
28%
resist
28%
it
26%
not
26%
or
26%
paradise.
26%
human
25%
Regime
25%
that
25%
Traitors
25%
who've
25%
deaths,
23%
forever
23%
how
23%
kind
23%
questions
23%
support,
23%
disavowed.
21%
hope
21%
unfurled.
21%
Anything
19%
can't
19%
doubts
19%
Stead-fast
19%
allowed.
18%
less
18%
suffice.
18%
tide
18%
satisfied.
16%
torrent
16%
Unslakable
11%
hearts
7%
No matching quizzes found
Score Distribution
Percent of People with Each Score
Percentile by Number Answered
Your Score History
You have not taken this quiz